Statistiques concernant ST - les pays que j'ai visités

Cliquez ici pour prendre le quiz!

Statistiques générales

  • Ce quiz a été pris 41 fois
    (9 depuis la dernière actualisation)
  • Le résultat moyen est 18 sur 21

Statistiques - réponses

Réponse% Correct
Australie
100%
Belgique
100%
Canada
100%
Chine
100%
Croatie
100%
Espagne
100%
France
100%
Grèce
100%
Italie
100%
Maroc
100%
Nouvelle-Zélande
100%
Pays-Bas
100%
Royaume-Uni
100%
Suisse
100%
Tunisie
100%
Allemagne
88%
Irlande
88%
Portugal
75%
USA
63%
Montenegro
25%
Maurice
0%

Distribution des résultats

Percentile par nombre de réponses

% des personnes avec chaque résultat

Votre développement - résultats

Vous n’avez pas pris ce quiz depuis la dernière actualisation